000 01487na a2200445 4500
001 17797
003 MIRAKIL
005 20181213155123.0
008 161104b tu 000 0
035 _a17797
040 _aMilas
_btur
_cTR-AnCHP
041 _atur
082 _aCHP 324.2372
_bC36y 1947 Dilek
090 _aCHP 324.2372 C36y 1947 Dilek
111 _aCHP Olağan Kurultay
_cAnkara
_d19 Kasım 1947
_n7.
222 _a7. Büyük Kurultay il kongreleri dilekleri
245 _aC.H.P. Yedinci Büyük Kurultayına sunulan il kongreleri dileklerinin özetleri
_bAnkara, 19 Kasım 1947
_cCumhuriyet Halk Partisi
246 _aCHP il kongreleri dilekleri
246 _aİl kongreleri dilekleri
246 _aCHP 7. Büyük Kurultay
246 _a7. Kurultay
246 _a7. Büyük Kurultay
260 _aAnkara
_bCHP
_c1947
300 _a243,viii s.
_c24 sm.
490 _aCumhuriyet Halk Partisi yayınları
610 _aCumhuriyet Halk Partisi
610 _aCumhuriyet Halk Partisi
_xKurultaylar
_y1947
651 _aTürkiye
_xSiyaset ve yönetim
_y1945-1950
657 _aCHP büyük kurultaylar
657 _aCHP kurultayları
657 _aCHP Olağan Kurultayları
740 _aİl kongreleri dilekleri
740 _aCHP il kongreleri dilekleri
740 _aCHP 7. Büyük Kurultayı
740 _a7. Büyük Kurultay
740 _aCHP 7. Olağan Kurultayı
740 _a7. Kurultay
830 _aCHP yayınları
942 _2ddc
_cBKS
999 _c6923
_d6923